| 000 | 00505nam a2200181Ia 4500 | ||
|---|---|---|---|
| 001 | 8085 | ||
| 005 | 20260306160543.0 | ||
| 008 | 260306t2006||||xx |||||||||||||| ||spa|| | ||
| 041 | _aESP | ||
| 082 |
_a370.1 _bM39 T. 1 2008 |
||
| 100 |
_aMejía Jiménez, Marco Raúl _eAUT |
||
| 245 | 0 |
_aEducación(es) en la(s) globalización(es): _bentre el pensamiento único y la nueva crítica |
|
| 260 | _c2006 | ||
| 300 |
_a376 páginas : _c21 cm. |
||
| 650 | _aGEN | ||
| 654 | _aCED | ||
| 942 |
_cLIB _dJUS _fJUS _2ddc _n |
||
| 999 |
_c8085 _d8085 |
||